000 00586nam a2200241 a 4500
001 nice12345678
003 IN_TiNIC
005 20260116011524.0
008 050524s1938 lona grp 000 0 eng
020 _a
_c100
082 0 0 _a231.7
_bPHE
100 _aPhelips, Vivian
245 _aConcerning Progressive Revelation
260 _aLondon
_bWatts and Company
_c1938
300 _a118p
500 _aincludes index and biblioraphy
505 2 _aAppendix
650 _aRevelation-Christian
700 1 _aPhelips, Vivian
902 _bSRS
942 _cBK
999 _c2284
_d2284